Personnage la petite sirène - Statistiques

Statistiques générales
  • Ce quiz a été pris 96 fois
  • Le résultat moyen est 8 sur 15
Statistiques - réponses
Hint Réponse % Correct
1 Ariel
100%
2 Eric
97%
3 Polochon
96%
5 Ursula
95%
4 Sebastien
92%
12 Le roi Triton
84%
8 Eureka
57%
6 Max
49%
9 Flotsam
38%
10 Jetsam
38%
7 Melodie
38%
15 Morgana
24%
13 Grimsby
16%
11 Heraut
3%
14 Lois
1%
Aucun quiz correspondant
Distribution des résultats
% des personnes avec chaque résultat
Percentile par nombre de réponses
Votre historique - résultats
Vous n’avez pas pris ce quiz